[Event "FRA-ch Blitz Online Qual"]
[Site "Europe Echecs INT"]
[Date "2020.05.16"]
[Round "4"]
[White "Casas, Alexandre"]
[Black "Falip Morales, Tom"]
[Result "1-0"]
[WhiteElo "1933"]
[BlackElo "1344"]
[PlyCount "131"]
[EventDate "2020.05.16"]
[EventType "swiss (blitz)"]
[EventRounds "15"]
[EventCountry "FRA"]
[SourceTitle "CBM 196 Extra"]
[Source "ChessBase"]
[SourceDate "2020.07.31"]
[SourceVersion "1"]
[SourceVersionDate "2020.07.31"]
[SourceQuality "1"]

1. d4 Nf6 2. c4 c5 3. Nf3 cxd4 4. Nxd4 Nc6 5. Nc3 e6 6. e4 Bb4 7. Nxc6 bxc6 8. Bd3 d5 9. cxd5 cxd5 10. Qa4+ Bd7 11. Qxb4 dxe4 12. Bxe4 Nxe4 13. Nxe4 Bc6 14. Nd6+ Kd7 15. Bf4 Rb8 16. Qc3 Bxg2 17. Rg1 Bd5 18. Nxf7 Qh4 19. Bxb8 Qe4+ 20. Kd2 Rxb8 21. Rac1 Qf4+ 22. Ke1 Qe4+ 23. Kf1 Rb7 24. Qc8+ Ke7 25. Qc5+ Kxf7 26. Qc3 e5 27. f3 Qf4 28. Rg4 Qxf3+ 29. Qxf3+ Bxf3 30. Rgc4 Rxb2 31. R1c2 Rxc2 32. Rxc2 Be4 33. Rc7+ Kg6 34. Rxa7 Bb1 35. a4 e4 36. Kf2 Kf5 37. Ke3 g5 38. Rxh7 Bc2 39. a5 Bd3 40. a6 Bxa6 41. Rf7+ Kg4 42. Kxe4 Bb7+ 43. Ke3 Bg2 44. Kf2 Bh3 45. Ra7 Kh4 46. Ra4+ g4 47. Ra8 Kg5 48. Kg3 Bf1 49. Ra5+ Kg6 50. Kxg4 Be2+ 51. Kf4 Bd3 52. h4 Be2 53. Re5 Bc4 54. h5+ Kh6 55. Kg4 Bf7 56. Rc5 Be6+ 57. Kh4 Bf7 58. Rc6+ Kg7 59. Kg5 Kh7 60. Rc7 Kg8 61. h6 Be6 62. Kf6 Bg4 63. Kg6 Be6 64. Re7 Bf7+ 65. Rxf7 Kh8 66. Rf8# 1-0

[Event "FRA-ch Blitz Online Qual"]
[Site "Europe Echecs INT"]
[Date "2020.05.16"]
[Round "11"]
[White "Falip Morales, Tom"]
[Black "Andre, Sebastien"]
[Result "1-0"]
[WhiteElo "1344"]
[BlackElo "1610"]
[PlyCount "45"]
[EventDate "2020.05.16"]
[EventType "swiss (blitz)"]
[EventRounds "15"]
[EventCountry "FRA"]
[SourceTitle "CBM 196 Extra"]
[Source "ChessBase"]
[SourceDate "2020.07.31"]
[SourceVersion "1"]
[SourceVersionDate "2020.07.31"]
[SourceQuality "1"]

1. e4 d5 2. exd5 Qxd5 3. Nc3 Qa5 4. d4 e6 5. Bd2 c6 6. Bc4 Nf6 7. Nd5 Qd8 8. Nxf6+ Qxf6 9. Nf3 b5 10. Bd3 Bd6 11. 0-0 0-0 12. Re1 Bb7 13. Ng5 g6 14. Ne4 Qe7 15. Nxd6 Qxd6 16. Bh6 Rd8 17. Qf3 Qxd4 18. Rad1 Qxb2 19. Bxb5 Rxd1 20. Rxd1 Nd7 21. Rxd7 Qb1+ 22. Rd1 Qxb5 23. Qf6 1-0